000 01251nam a22003737a 4500
003 CHAP
005 20220329143506.0
008 100203s2007 mx a r 00010 spa d
010 _a97475
011 _a98447
020 _a9707620390
035 _a109132
040 _cCHAP
090 _aFolleto 17514
100 0 0 _aSantacruz de León, Germán.
_9102260
245 1 0 _aMétodos de tratamiento del agua residual doméstica en Japón
_c/por Germán Santacruz de León
260 _aSan Luis Potosí, S.L.P. :
_bEl Colegio de San Luis,
_c2007
300 _a47 p. :
_bilus., tablas
590 _aBATCH-UPD
_b10
_c20130110
_lUCH01
_h1228
590 _aBATCH-UPD
_b10
_c20130410
_lUCH01
_h0800
590 _aBATCH-UPD
_b10
_c20130914
_lUCH01
_h0312
590 _aCONVERSION
_b10
_c20130109
_lUCH01
_h1354
650 1 4 _aAgua
_xContaminación.
_92351
650 1 4 _aAgua
_xPurificacion.
_92397
650 1 4 _aAguas residuales
_xAnalisis.
_92584
650 1 4 _aAguas residuales
_xPurificacion.
_92588
650 1 4 _aLodos residuales.
_967427
650 1 4 _aResiduos sólidos.
_996119
650 1 4 _aTratamiento anaeróbico.
_9114699
901 _aBK
911 _aen proceso
942 _cFOLL
949 _aFolleto 17514
_bBC
_cFOLL
_d33724002133694
_eTS1
_i109132
_sb
999 _c97475
_d97475